| 000 | 00509nam a2200181Ia 4500 | ||
|---|---|---|---|
| 003 | OSt | ||
| 005 | 20260128112911.0 | ||
| 008 | 210210b1936 xxu||||| |||| 00| 0 eng d | ||
| 040 | _cAL | ||
| 041 | _aKannada | ||
| 082 | _a853/557 | ||
| 100 |
_aSITARAMA SHASTRI (M V) _9162149 _dಸೀತಾರಾಮ ಶಾಸ್ತ್ರಿ (ಎಂ ವಿ) |
||
| 245 |
_aHuvina Ase: _bಹೂವಿನ ಆಸೆ |
||
| 260 |
_aBengaluru _b- _c1936 |
||
| 690 |
_aKannada Drama _9162150 |
||
| 906 | _a019827 | ||
| 942 |
_2ddc _cBK |
||
| 999 |
_c143977 _d143977 |
||